| 000 | 00848cam a2200253 a 4500 | ||
|---|---|---|---|
| 999 |
_c4203 _d4203 |
||
| 003 | ALUPE UNIVERSITY COLLEGE | ||
| 005 | 20220321065854.0 | ||
| 008 | 830215s1983 ctua p 001 0 eng | ||
| 020 | _a0838583008 (pbk.) | ||
| 040 | _cALUPE UNIVERSITY COLLEGE | ||
| 050 | 1 | 0 |
_aRE925 _b.R45 1983 |
| 060 | _aWW 18 R366r | ||
| 100 | 1 |
_aReinecke, Robert D., _d1929- |
|
| 245 | 1 | 0 |
_aRefraction : _ba programmed text / _cRobert D. Reinecke, Robert J. Herm. |
| 250 | _a3rd ed. | ||
| 260 |
_aNorwalk, Conn. : _bAppleton-Century-Crofts, _cc1983. |
||
| 300 |
_ax, 373 p. : _bill. ; _c24 cm. |
||
| 500 | _aIncludes index. | ||
| 650 | 0 |
_aEye _xAccommodation and refraction _xProgrammed instruction. |
|
| 650 | 2 |
_aRefraction, Ocular _xProgrammed texts. |
|
| 700 | 1 | _aHerm, Robert J. | |
| 906 |
_a7 _bcbc _corignew _d1 _eocip _f19 _gy-gencatlg |
||
| 942 |
_2lcc _cBK |
||